00490nam a22001457a 4500041000800000082001400008100000800022245008000030260005100110300000700161650001500168942000900183952013500192999001700327 aeng a264.6 RAM aRam aA Critical Evaluation of Preaching of Bakht Singh: A Homiletic Perspective aHyderabadbHenry Martyn Institute (ARRC)c2022 a90 aHomiletics cTHES 001040708REFaHMIbHMIcREFd2022-06-28eRam (M.Th student-ARRC-Id 264320)l0o264.6 RAMp11-4620r2022-06-28w2022-06-28yTHES c23275d23275